000 00498nam a2200181Ia 4500
008 090124s9999 xx 000 0 und d
082 _b20861
100 _aआचार्य नयना
245 _a रानझरी
250 _a0
260 _bमीनल प्रकाशन
_c1979
300 _a144
600 _aआचार्य नयना
630 _a रानझरी
700 _aआचार्य नयना
730 _a रानझरी
942 _cBOOK
999 _c90998
_d90998